000 00729cam a2200217 4500
001 ABS62886
008 000000n2000 000 0 eng u
035 _a(Sirsi) u108431
100 _aGarbett, C.
245 _aComputer countdown
260 _c2000
490 _aThe Valuer
_v69(4) July/August 2000, 18(1)
520 _aRound-up of the latest software packages of interest to surveyors. Covers transitional relief software, agency and the Internet and software for residential surveys.
590 _aABS
650 _aSOFTWARE PACKAGES
650 _aTRANSITIONAL RELIEF
650 _aESTATE AGENCY
650 _aRESIDENTIAL SURVEYS
690 _aMANAGEMENT-BUSINESS MANAGEMENT-INFORMATION MANAGEMENT
942 _n0
999 _c64737
_d64737